000 00949nam a2200265Ia 4500
003 OSt
005 20221005112410.0
006 a|||||r|||| 00| 0
007 ta
008 221004b |||||||| |||| 00| 0 pan d
020 _a9789385609213 (hbk)
_cINR 200.00
024 _a44830
037 _b1059, 12/02/2019, H.K. Prakashan
_cTextual
040 _aCRL
_cCRL
_bpan
041 _2pan
_apan
082 _aO153,1N40x, Q5
100 _aਕੁੰਜਾਹੀ, ਸੁਰਜੀਤ, ਂਚ.
245 0 _aਬੈ੍ਵਤ ਕੂਜਾਹੀ
260 _aਸਮਾਣਾ
_bਨਵਰੰਗ ਪਬਲੀਕੇFਨਗ਼ ਭਾਰਤ
_c2015
300 _a151ਪ੍ਰ0
_ccm.
650 _a ਪੰਜਾਬੀ ਕਾਵਿ
650 _aਪੰਜਾਬੀ ਸਾਹਿਤ
942 _hO153,1N40x, Q5
_cTEXL
_2cc
999 _c1024758
_d1024758